[Event "Ch Greece (juniors) (team)"]
[Site "masterchessopen.com – Vrahati (Greece)"]
[Date "2010.12.18"]
[Round "3"]
[White "Hnara Maria-Danai (GRE)"]
[Black "Fragkou Eleni (GRE)"]
[Result "0-1"]
[WhiteElo "1667"]
[BlackElo "1911"]

1.e4 c5 2.Nf3 d6 3.d4 cxd4 4.Nxd4 Nf6 5.Nc3 Nc6 6.Be2 e5 7.Nf3 h6 8.O-O Be7
9.h3 O-O 10.Re1 a6 11.a4 Qc7 12.Bf1 Nb8 13.Re3 Be6 14.Nd5 Nxd5 15.exd5 Bf5
16.Bd3 Bxd3 17.Qxd3 Nd7 18.c4 Rac8 19.Nd2 Bg5 20.Rg3 Bf4 21.Ne4 f5 22.Bxf4
exf4 23.Rxg7+ Kxg7 24.Qd4+ Kh7 25.Nd2 f3 26.Re1 Ne5 27.g3 Qc5 28.Qc3 Rfe8
29.Kf1 Nxc4 30.Nxf3 Qxd5 31.Rxe8 Rxe8 32.b3 Qxf3 33.Qxc4 Qh1# 0-1